000 00464nam a2200181Ia 4500
008 230711s9999||||xx |||||||||||||| ||und||
020 _a978-1-118-06670-6
041 _aENG
082 _a713
_bDO-S
100 _aDover.Victor
245 0 _aStreet Design : The Scret to Great Cities and Towns
250 _a1st Ed.
260 _c2014
_aNew Jersy
_bJohn Wiley & Sons.Inc
300 _a401p.
650 _aArchitecture
700 _aMassengale,John
942 _cBK
999 _c6473
_d6473